[Event "Pfalz-ch HT3 87th"]
[Site "Landau"]
[Date "2018.03.31"]
[Round "7"]
[White "Scheiwer, Ulf"]
[Black "Reissfelder, Matthias"]
[Result "1/2-1/2"]
[WhiteElo "1569"]
[BlackElo "1686"]
[PlyCount "37"]
[EventDate "2018.03.23"]
[EventType "swiss"]
[EventRounds "7"]
[EventCountry "GER"]
[SourceTitle "EXT 2019"]
[Source "ChessBase"]
[SourceDate "2018.10.10"]
[SourceVersion "1"]
[SourceVersionDate "2018.10.10"]
[SourceQuality "1"]

1. e4 e5 2. Nf3 Nc6 3. Bc4 Nf6 4. Ng5 Bc5 5. d3 d5 6. exd5 Na5 7. 0-0 0-0 8. Qe1 Nxc4 9. dxc4 Re8 10. b4 Be7 11. a3 b5 12. c5 Nxd5 13. Ne4 f5 14. Nec3 Nxc3 15. Nxc3 a6 16. Bb2 Bf6 17. Rd1 Qe7 18. Nd5 Qf7 19. Nxf6+ 1/2-1/2

[Event "Pfalz-ch HT3 87th"]
[Site "Landau"]
[Date "2018.03.25"]
[Round "3"]
[White "Scheiwer, Ulf"]
[Black "Gilb, Dieter"]
[Result "1-0"]
[WhiteElo "1569"]
[BlackElo "1232"]
[PlyCount "107"]
[EventDate "2018.03.23"]
[EventType "swiss"]
[EventRounds "7"]
[EventCountry "GER"]
[SourceTitle "EXT 2019"]
[Source "ChessBase"]
[SourceDate "2018.10.10"]
[SourceVersion "1"]
[SourceVersionDate "2018.10.10"]
[SourceQuality "1"]

1. e4 e5 2. Nf3 d6 3. Nc3 Nf6 4. Bc4 h6 5. h3 Be6 6. Bb3 Be7 7. 0-0 0-0 8. d4 exd4 9. Nxd4 Bxb3 10. axb3 Nbd7 11. Be3 Nc5 12. f3 a6 13. Qe1 Nh7 14. Rd1 Bh4 15. Bf2 Bxf2+ 16. Qxf2 Nd7 17. Nf5 Re8 18. Nd5 Nhf6 19. Kh2 Nxd5 20. exd5 Qf6 21. Nd4 Re7 22. Rfe1 Rae8 23. Rxe7 Rxe7 24. Rd2 Nb6 25. c4 Nd7 26. g3 Nb6 27. Ne2 Qe5 28. Nc3 Qe3 29. Kg2 Qxf2+ 30. Kxf2 Nd7 31. f4 Nf6 32. Re2 Rxe2+ 33. Kxe2 Nh5 34. Kf3 f5 35. b4 Nf6 36. b3 b6 37. g4 g6 38. g5 hxg5 39. fxg5 Nd7 40. Ne2 Ne5+ 41. Ke3 Kf7 42. Nd4 Ke7 43. b5 a5 44. Ne6 Kd7 45. h4 Nf7 46. Nf8+ Ke8 47. Nxg6 Ne5 48. Nf4 Ng4+ 49. Ke2 Ne5 50. Ne6 Kd7 51. h5 c5 52. bxc6+ Nxc6 53. dxc6+ Kxc6 54. h6 1-0